000
00366nam a2200169Ia 4500
003
0100
008
130303s9999 xx 000 0 und d
040
_c
ARRUPELIB
050
_a
QC23.H561985
100
_a
Gittewitt, Paul
245
_a
Conceptual Physics
260
_a
Boston
260
_b
Little, Brown Co.
260
_C
1985
300
_a
650p
942
0
0
_0
1
999
_c
23194
_d
23194